| 000 | 00649nam a2200181Ia 4500 | ||
|---|---|---|---|
| 003 | GCL | ||
| 008 | 140319s9999 xx 000 0 ara d | ||
| 040 |
_aGCL / _cGCL |
||
| 082 | 0 | 4 |
_a214 _bا ف |
| 100 | 1 | _aامان عبدالمؤمن قحيف | |
| 245 | 1 | 0 |
_aالفكر الاسلامى والنظام العالمى الجديد / _cامان عبدالمؤمن قحيف |
| 260 |
_aالقاهرة : _bدار الحضارة للطباعة والنشر والتوزيع |
||
| 300 |
_a176 ص ؛ _c24 سم |
||
| 650 | 0 | 4 | _aالثقافة الاسلامية |
| 650 | 0 | 4 | _aالعولمة |
| 650 | 0 | 4 | _aالاسلام والعولمة |
| 942 |
_2ddc _cBK |
||
| 999 |
_c5556 _d5556 |
||